Muerte súbita - Españoles que han ganado la Champions - Estadísticas

Estadísticas generales
  • Esta prueba ha sido intentada 282 veces
  • La puntuación promedio es 8 de 28
Answers on the Grid
Answers color-coded by a green-red scale on the quiz's grid according to % correct below.
Alberto Moreno
Aleix Vidal
Álvaro Arbeloa
Álvaro Negredo
Aymeric Laporte
Bojan Krkic
Borja Mayoral
César Azpilicueta
Cesc Fábregas
Dani Ceballos
David de Gea
David Silva
Diego Costa
Fernando Torres
Fran García
Gerard Piqué
Javi Martínez
Jesé Rodríguez
Jesús Navas
Jesús Vallejo
Juan Bernat
Juan Mata
Kepa Arrizabalaga
Kiko Casilla
Marco Asensio
Marcos Alonso
Marcos Llorente
Martín Montoya
Oriol Romeu
Pedri González
Pedro Rodríguez
Pepe Reina
Raúl Albiol
Riqui Puig
Rodri
Sandro Ramírez
Sergi Roberto
Sergio Gómez
Thiago Alcántara
Xavi
 
Estadísticas de respuestas
Respuesta % Correcto
Álvaro Arbeloa
61%
Gerard Piqué
53%
César Azpilicueta
48%
Xavi
45%
Dani Ceballos
43%
Marco Asensio
42%
Rodri
42%
Jesús Vallejo
40%
Bojan Krkic
33%
Thiago Alcántara
32%
Fernando Torres
31%
Kiko Casilla
31%
Fran García
30%
Sergi Roberto
30%
Aymeric Laporte
29%
Pedro Rodríguez
28%
Kepa Arrizabalaga
27%
Marcos Alonso
23%
Marcos Llorente
23%
Javi Martínez
22%
Jesé Rodríguez
22%
Alberto Moreno
19%
Borja Mayoral
17%
Juan Mata
13%
Oriol Romeu
12%
Martín Montoya
9%
Sergio Gómez
6%
Sandro Ramírez
4%
No se encontraron pruebas coincidentes
Distribución de puntuación
Porcentaje de gente con cada puntuación
Porcentaje por número respondido
Historial de tus puntuaciones
No has intentado esta prueba.